Normal view
MARC view
- GC MUNEEB AHMAD GC SHEHERYAR SAEED GC SYED ZUBAIR HUSSAIN SHAH
Entry Personal Name
001 - CONTROL NUMBER
- control field: 70778
003 - CONTROL NUMBER IDENTIFIER
- control field: NUST
005 - DATE AND TIME OF LATEST TRANSACTION
- control field: 20210628204543.0
008 - FIXED-LENGTH DATA ELEMENTS
- fixed length control field: 210628|| aca||aabn | a|a d
040 ## - CATALOGING SOURCE
- Original cataloging agency: NUST
- Transcribing agency: NUST
100 ## - HEADING--PERSONAL NAME
- Personal name: GC MUNEEB AHMAD GC SHEHERYAR SAEED GC SYED ZUBAIR HUSSAIN SHAH
670 ## - SOURCE DATA FOUND
- Source citation: Work cat.: (NUST): GC MUNEEB AHMAD GC SHEHERYAR SAEED GC SYED ZUBAIR HUSSAIN SHAH, PR-SOF-1516-MODIFICATION/INTERCHANGIBILITY OF BRAKE AND CLUTCH SYSTEM OF YASOOB VEHICLE WITH ANY CURRENT VEHICLE, 2016
